000 00420nam a22001577a 4500
999 _c535386
_d535386
003 NUST
020 _a969-35-1014-3
038 _aMSOHAIL
082 _a910
_bHUS
100 _aMUSTANSAR HUSSAIN TARAR, TARAR, MUSTANSAR HUSSAIN
_929919
245 _aNepal Nagri - نیپال نگری
260 _aLAHORE
_bSANG-E-MEEL
_c2014
300 _a348P
650 _aURDU ADAB-SAFAR NAMA-NEPAL NAGRI
_929920
942 _cBK
_2ddc